Detalles MARC
| 000 -CABECERA |
| campo de control de longitud fija |
01428nam a2200253 a 4500 |
| 001 - NÚMERO DE CONTROL |
| campo de control |
000021968 |
| 005 - FECHA Y HORA DE LA ÚLTIMA TRANSACCIÓN |
| campo de control |
20240229073944.0 |
| 008 - DATOS DE LONGITUD FIJA--INFORMACIÓN GENERAL |
| campo de control de longitud fija |
100915t1979 dr abc 001 0 spa d |
| 040 ## - FUENTE DE LA CATALOGACIÓN |
| Centro catalogador/agencia de origen |
DO-SdBNP |
| Lengua de catalogación |
spa |
| Centro/agencia transcriptor |
BNPHU |
| 082 ## - NÚMERO DE LA CLASIFICACIÓN DECIMAL DEWEY |
| Número de clasificación |
972.93 |
| Número de documento/Ítem |
C531t |
| 049 ## - FONDOS LOCALES (OCLC) |
| Fondos de biblioteca |
BNPD |
| 100 1# - ENTRADA PRINCIPAL--NOMBRE DE PERSONA |
| Nombre de persona |
Chez Checo, José, |
| Fechas asociadas al nombre |
1949- |
| 9 (RLIN) |
10145 |
| 245 10 - MENCIÓN DE TÍTULO |
| Título |
Temas históricos / |
| Mención de responsabilidad, etc. |
José Chez Checo. |
| 260 ## - PUBLICACIÓN, DISTRIBUCIÓN, ETC. |
| Lugar de publicación, distribución, etc. |
San Pedro de Macorís : |
| Nombre del editor, distribuidor, etc. |
Universidad Central del Este, |
| Fecha de publicación, distribución, etc. |
1979. |
| Fabricante |
Taller |
| 300 ## - DESCRIPCIÓN FÍSICA |
| Extensión |
201 p. : |
| Otras características físicas |
il., mapas, retr. ; |
| Dimensiones |
24 cm. |
| 490 1# - MENCIÓN DE SERIE |
| Mención de serie |
Histórica |
| Designación de volumen o secuencia |
1 |
| 504 ## - NOTA DE BIBLIOGRAFÍA, ETC. |
| Nota de bibliografía, etc. |
Incluye bibliografía y notas al pie de páginas. |
| 504 ## - NOTA DE BIBLIOGRAFÍA, ETC. |
| Nota de bibliografía, etc. |
Incluye bibliografía al final de capítulos. |
| 505 0# - NOTA DE CONTENIDO CON FORMATO |
| Nota de contenido con formato |
A manera de presentación -- |
| Título |
Significación histórica del Sermón de Montesinos -- |
| -- |
Consecuencias del descubrimiento de América -- |
| -- |
La factoría colombina en Santo Domingo -- |
| -- |
Notas sobre los orígenes y desarrollo del problema fronterizo -- |
| -- |
Colonización y azúcar en el Brasil del siglo XVI -- |
| -- |
La religión en el viejo imperio maya -- |
| -- |
Acerca de la cultura -- |
| -- |
La teoría demográfica de Thomas R. Malthus -- |
| -- |
Las ideas políticas de Miguel Bakunin (1814-1876) -- |
| -- |
El positivismo en Augusto Comte. |
| 651 #4 - PUNTO DE ACCESO ADICIONAL DE MATERIA--NOMBRE GEOGRÁFICO |
| Nombre geográfico |
República Dominicana |
| Subdivisión general |
Historia |
| -- |
Ensayos, Conferencias, Etc. |
| 9 (RLIN) |
7095 |
| 651 #4 - PUNTO DE ACCESO ADICIONAL DE MATERIA--NOMBRE GEOGRÁFICO |
| Nombre geográfico |
America Latina |
| Subdivisión general |
Historia |
| Subdivisión cronológica |
1500-1900 |
| Subdivisión general |
Ensayos, Conferencias, Etc. |
| 9 (RLIN) |
45549 |
| 830 #0 - PUNTO DE ACCESO ADICIONAL DE SERIE-TÍTULO UNIFORME |
| Título uniforme |
Histórica |
| Número de parte o sección de la obra |
1 |
| 9 (RLIN) |
45550 |
| 910 ## - DATOS DE OPCIÓN DEL USUARIO (OCLC) |
| Datos de opción del usuario |
Validado. Control de calidad EMS. |